AutoCAD 2008 : (Record no. 4803)
[ view plain ]
| 000 -LEADER | |
|---|---|
| fixed length control field | 00302nam a22001097a 4500 |
| 050 ## - LIBRARY OF CONGRESS CALL NUMBER | |
| Classification Number | T385 |
| Item Number | .T53 2008 |
| 100 ## - MAIN ENTRY--Author | |
| Personal name | Tickoo, Sham |
| 245 ## - TITLE | |
| Title | AutoCAD 2008 : |
| Remainder of title | a problem-solving approach |
| 300 ## - PHYSICAL DESCRIPTION | |
| Extent | Includes index. |
| 650 ## - SUBJECT--TOPIC | |
| Topical term following geographic name as entry element | AutoCAD |
| Form subdivision | Computer graphics |
| General subdivision | Computer-aided design |
| 942 ## - ADDED ENTRY ELEMENTS(KOHA) | |
| Source of classification or shelving scheme | Library of Congress Classification |
| Koha item type | General circulation |
| Source of classification or shelving scheme | Not for loan | Location (home branch) | Sublocation (holding branch) | Shelving location | Date accessioned | Full call number | Barcode | Koha item type | Public note |
|---|---|---|---|---|---|---|---|---|---|
| Library of Congress Classification | Mtito Andei Centre Library | Mtito Andei Centre Library | 01/07/2015 | T385 .T53 | 2015/001419 | General circulation | amm |